000 00425nam a22001697a 4500
003 UA-OsUOA
001 5384
007 ta
008 20050721b un ||||| |||| 00| 0 ukr d
100 _aКарамышева
700 _aТ. В.
942 _cBK
040 _aUA-OsUOA
_cUA-OsUOA
_dUA-OsUOA
245 _aИзуч. иностр. языков с помощью комп..
_bTeaching Technoque
955 _a2
650 7 _2UDC
999 _c291546
_d291546